[Event "Panchenko Memorial 2017"]
[Site "?"]
[Date "2017.10.11"]
[Round "5.1"]
[White "Naumkin, Igor"]
[Black "Drygalov, Andrey"]
[Result "1-0"]
[BlackElo "2430"]
[WhiteElo "2446"]
[LiveChessVersion "1.4.8"]

1. d4 {[%clk 1:30:55]} Nf6 {[%clk 1:30:53]} 2. c4 {[%clk 1:31:18]} g6
{[%clk 1:31:19]} 3. Nc3 {[%clk 1:31:39]} d5 {[%clk 1:31:45]} 4. cxd5 Nxd5
{[%clk 1:32:12]} 5. e4 {[%clk 1:32:29]} Nxc3 6. bxc3 {[%clk 1:32:53]} Bg7
{[%clk 1:33:07]} 7. Bc4 {[%clk 1:33:15]} c5 {[%clk 1:33:34]} 8. Ne2
{[%clk 1:33:40]} O-O {[%clk 1:34:00]} 9. O-O {[%clk 1:34:04]} Nc6
{[%clk 1:34:28]} 10. Be3 {[%clk 1:34:26]} Qc7 {[%clk 1:34:55]} 11. Rc1
{[%clk 1:34:47]} b6 {[%clk 1:35:20]} 12. Qd2 {[%clk 1:28:42]} Bb7
{[%clk 1:35:46]} 13. Bh6 {[%clk 1:27:43]} Rad8 {[%clk 1:36:02]} 14. Bxg7
{[%clk 1:25:17]} Kxg7 {[%clk 1:35:23]} 15. Qe3 {[%clk 1:24:57]} e5
{[%clk 1:35:50]} 16. Bb5 {[%clk 1:11:36]} Na5 {[%clk 1:32:57]} 17. f4
{[%clk 1:00:24]} a6 {[%clk 1:19:15]} 18. Bd3 {[%clk 0:57:51]} exd4
{[%clk 1:15:36]} 19. cxd4 {[%clk 0:58:11]} cxd4 {[%clk 1:15:56]} 20. Qh3
{[%clk 0:52:01]} Qe7 {[%clk 1:09:07]} 21. f5 {[%clk 0:49:04]} Qg5
{[%clk 1:06:30]} 22. Rf3 {[%clk 0:42:46]} Rde8 {[%clk 0:34:20]} 23. Rg3
{[%clk 0:37:42]} Qf6 {[%clk 0:14:25]} 24. Nf4 {[%clk 0:31:53]} Qe5
{[%clk 0:12:39]} 25. Qh4 {[%clk 0:23:19]} Rc8 {[%clk 0:08:03]} 26. Rf1
{[%clk 0:15:49]} Kg8 {[%clk 0:05:43]} 27. fxg6 {[%clk 0:06:47]} fxg6
{[%clk 0:05:33]} 28. Nxg6 {[%clk 0:06:52]} Rxf1+ {[%clk 0:05:58]} 29. Bxf1
{[%clk 0:07:00]} hxg6 {[%clk 0:04:11]} 30. Rxg6+ {[%clk 0:07:18]} Kf8
{[%clk 0:04:34]} 31. Qh6+ {[%clk 0:06:19]} Ke7 {[%clk 0:04:52]} 32. Qh7+
{[%clk 0:05:22]} Kd8 {[%clk 0:05:13]} 33. Rg8+ {[%clk 0:05:39]} Qe8
{[%clk 0:05:40]} 34. Rxe8+ {[%clk 0:05:49]} Kxe8 {[%clk 0:06:08]} 35. Qg6+
{[%clk 0:06:00]} Kd7 {[%clk 0:05:37]} 36. Qxb6 {[%clk 0:05:42]} 1-0

[Event "Panchenko Memorial 2017"]
[Site "?"]
[Date "2017.10.11"]
[Round "5.2"]
[White "Korneev, Oleg"]
[Black "Simantsev, Mikhail"]
[Result "1-0"]
[BlackElo "2492"]
[WhiteElo "2557"]
[LiveChessVersion "1.4.8"]

1. e4 {[%clk 1:20:32]} e5 {[%clk 1:30:55]} 2. Bc4 {[%clk 1:20:48]} Nc6
{[%clk 1:30:08]} 3. Nf3 Bc5 {[%clk 1:30:11]} 4. O-O {[%clk 1:17:26]} Nf6
{[%clk 1:30:10]} 5. d3 {[%clk 1:17:54]} d6 {[%clk 1:30:12]} 6. c3
{[%clk 1:18:21]} a6 {[%clk 1:29:27]} 7. Bb3 {[%clk 1:18:49]} Ba7 {[%clk 1:28:58]}
8. Nbd2 {[%clk 1:19:15]} O-O {[%clk 1:28:43]} 9. h3 {[%clk 1:19:43]} Re8
{[%clk 1:24:22]} 10. Re1 {[%clk 1:14:37]} Be6 {[%clk 1:24:23]} 11. Nf1
{[%clk 1:13:37]} h6 {[%clk 1:22:26]} 12. Be3 {[%clk 1:07:26]} Bxe3
{[%clk 1:05:27]} 13. Nxe3 {[%clk 1:07:37]} d5 {[%clk 1:04:53]} 14. exd5
{[%clk 0:37:09]} Nxd5 {[%clk 1:04:04]} 15. Nxd5 {[%clk 0:36:50]} Bxd5
{[%clk 1:04:22]} 16. d4 {[%clk 0:37:13]} e4 {[%clk 0:45:01]} 17. Nd2
{[%clk 0:30:38]} f5 {[%clk 0:37:55]} 18. f3 {[%clk 0:27:26]} e3 {[%clk 0:11:18]}
19. f4 {[%clk 0:27:30]} Kh8 {[%clk 0:08:39]} 20. Nf1 {[%clk 0:17:30]} Na5
{[%clk 0:01:47]} 21. Bxd5 {[%clk 0:15:58]} Qxd5 {[%clk 0:02:16]} 22. Nxe3
{[%clk 0:16:10]} Qe4 {[%clk 0:01:52]} 23. Qh5 {[%clk 0:13:12]} Qxf4
{[%clk 0:01:27]} 24. Nxf5 {[%clk 0:07:59]} Rxe1+ {[%clk 0:01:51]} 25. Rxe1
{[%clk 0:08:27]} Rf8 {[%clk 0:02:17]} 26. Rf1 {[%clk 0:08:03]} Qe4
{[%clk 0:02:12]} 27. Qg6 {[%clk 0:06:47]} Rg8 {[%clk 0:02:41]} 28. b3
{[%clk 0:06:01]} Nc6 {[%clk 0:03:01]} 29. Qf7 {[%clk 0:04:58]} Qc2
{[%clk 0:02:37]} 30. Rf3 {[%clk 0:04:43]} Qxa2 {[%clk 0:02:25]} 31. Kh2
{[%clk 0:04:39]} Nd8 {[%clk 0:02:02]} 32. Qg6 {[%clk 0:03:41]} Qxb3
{[%clk 0:01:02]} 33. Nxg7 {[%clk 0:02:04]} 1-0

[Event "Panchenko Memorial 2017"]
[Site "?"]
[Date "2017.10.11"]
[Round "5.3"]
[White "Tosic, Miroslav"]
[Black "Bezgodov, Alexei"]
[Result "1/2-1/2"]
[BlackElo "2482"]
[WhiteElo "2447"]
[LiveChessVersion "1.4.8"]

1. e4 {[%clk 1:30:00]} e5 {[%clk 1:30:41]} 2. Nf3 {[%clk 1:30:22]} Nc6
{[%clk 1:31:04]} 3. Bb5 {[%clk 1:30:35]} a6 {[%clk 1:31:26]} 4. Ba4
{[%clk 1:30:56]} Nf6 {[%clk 1:31:51]} 5. d3 {[%clk 1:28:33]} d6 {[%clk 1:30:48]}
6. c3 {[%clk 1:28:21]} g6 {[%clk 1:31:10]} 7. Nbd2 {[%clk 1:26:58]} Bh6
{[%clk 1:30:27]} 8. Nf1 {[%clk 1:27:08]} Bxc1 {[%clk 1:30:49]} 9. Qxc1
{[%clk 1:26:29]} Nh5 {[%clk 1:27:28]} 10. g3 {[%clk 1:24:56]} f5 {[%clk 1:24:02]}
11. Qg5 {[%clk 1:23:15]} Qxg5 {[%clk 1:12:08]} 12. Nxg5 {[%clk 1:23:39]} Nf6
{[%clk 1:11:37]} 13. Nd2 {[%clk 1:17:07]} Rf8 {[%clk 1:06:50]} 14. Bd1
{[%clk 1:14:42]} Bd7 {[%clk 1:04:55]} 15. Ngf3 {[%clk 1:12:32]} O-O-O
{[%clk 1:02:09]} 16. Nh4 {[%clk 1:12:10]} Ne7 {[%clk 1:00:02]} 17. exf5
{[%clk 1:05:34]} Nxf5 {[%clk 0:54:29]} 18. Ng2 {[%clk 1:04:33]} Bb5
{[%clk 0:49:10]} 19. Be2 {[%clk 1:01:27]} d5 {[%clk 0:48:57]} 20. a4
{[%clk 1:01:30]} Bc6 {[%clk 0:49:13]} 21. O-O {[%clk 1:01:27]} d4
{[%clk 0:48:07]} 22. c4 {[%clk 1:00:51]} e4 {[%clk 0:47:16]} 23. Nf4
{[%clk 0:59:09]} e3 {[%clk 0:43:03]} 24. Nb3 {[%clk 0:58:19]} Rde8
{[%clk 0:35:27]} 25. Nc5 {[%clk 0:53:53]} Nd7 {[%clk 0:27:54]} 26. Nxd7
{[%clk 0:37:01]} Bxd7 {[%clk 0:27:46]} 27. Ng2 {[%clk 0:33:43]} c5
{[%clk 0:25:10]} 28. a5 {[%clk 0:33:18]} Kc7 {[%clk 0:24:55]} 29. g4
{[%clk 0:25:13]} exf2+ {[%clk 0:18:18]} 30. Rxf2 {[%clk 0:25:33]} Nd6
{[%clk 0:17:42]} 31. Raf1 {[%clk 0:18:08]} Rxf2 {[%clk 0:17:52]} 32. Rxf2
{[%clk 0:18:35]} g5 {[%clk 0:17:43]} 33. Kf1 {[%clk 0:18:00]} Re7
{[%clk 0:16:45]} 34. h3 {[%clk 0:16:27]} Rf7 {[%clk 0:15:48]} 35. Bf3
{[%clk 0:16:12]} h6 {[%clk 0:13:13]} 36. Ne1 {[%clk 0:15:06]} Ba4
{[%clk 0:13:16]} 37. Ke2 {[%clk 0:14:56]} Nc8 {[%clk 0:11:56]} 38. Be4
{[%clk 0:13:53]} Rxf2+ {[%clk 0:09:37]} 39. Kxf2 {[%clk 0:14:20]} Ne7
{[%clk 0:10:02]} 40. Nf3 {[%clk 0:14:35]} 1/2-1/2

[Event "Panchenko Memorial 2017"]
[Site "?"]
[Date "2017.10.11"]
[Round "5.4"]
[White "Gutenev, Alexander"]
[Black "Baburin, Alexander"]
[Result "1-0"]
[BlackElo "2463"]
[WhiteElo "2474"]
[LiveChessVersion "1.4.8"]

1. e4 {[%clk 1:30:57]} d6 {[%clk 1:19:45]} 2. d4 {[%clk 1:31:20]} Nf6
{[%clk 1:20:11]} 3. Nc3 {[%clk 1:31:43]} g6 {[%clk 1:20:36]} 4. Nf3
{[%clk 1:31:30]} Bg7 {[%clk 1:21:00]} 5. Be2 {[%clk 1:31:51]} O-O
{[%clk 1:21:23]} 6. O-O {[%clk 1:32:17]} c6 {[%clk 1:20:37]} 7. h3
{[%clk 1:30:03]} b5 {[%clk 1:16:32]} 8. a3 {[%clk 1:10:20]} Nbd7 {[%clk 1:12:44]}
9. Bf4 {[%clk 1:00:10]} Bb7 {[%clk 1:02:43]} 10. e5 {[%clk 0:54:03]} dxe5
{[%clk 0:55:18]} 11. dxe5 {[%clk 0:51:20]} Ne8 {[%clk 0:55:14]} 12. e6
{[%clk 0:33:04]} fxe6 {[%clk 0:53:59]} 13. Ng5 {[%clk 0:33:01]} Rf6
{[%clk 0:40:42]} 14. Bg4 {[%clk 0:29:49]} Nf8 {[%clk 0:34:51]} 15. Be5
{[%clk 0:28:59]} Qxd1 {[%clk 0:31:11]} 16. Raxd1 {[%clk 0:29:15]} h5
{[%clk 0:22:35]} 17. Bxf6 {[%clk 0:23:20]} Bxf6 {[%clk 0:21:57]} 18. Bxe6+
{[%clk 0:23:37]} Kg7 {[%clk 0:22:20]} 19. Nce4 {[%clk 0:23:39]} Bxb2
{[%clk 0:22:07]} 20. Nc5 {[%clk 0:21:58]} Nd6 {[%clk 0:19:49]} 21. Rd3
{[%clk 0:19:55]} Bf6 {[%clk 0:17:50]} 22. f4 {[%clk 0:19:12]} Bc8
{[%clk 0:17:19]} 23. Bxc8 {[%clk 0:19:13]} Rxc8 {[%clk 0:17:40]} 24. Nge4
{[%clk 0:19:01]} Nxe4 {[%clk 0:17:08]} 25. Nxe4 {[%clk 0:19:28]} c5
{[%clk 0:14:32]} 26. Nxf6 {[%clk 0:18:09]} Kxf6 {[%clk 0:14:52]} 27. c3
{[%clk 0:14:04]} Rc6 {[%clk 0:11:36]} 28. Rd5 {[%clk 0:12:21]} e6
{[%clk 0:09:17]} 29. Rd8 {[%clk 0:12:39]} Ke7 {[%clk 0:09:43]} 30. Rfd1
{[%clk 0:10:55]} Ra6 {[%clk 0:09:33]} 31. Rc8 {[%clk 0:10:25]} Nd7
{[%clk 0:06:19]} 32. Rc7 {[%clk 0:10:49]} Rd6 {[%clk 0:06:46]} 33. Rxd6
{[%clk 0:11:06]} Kxd6 {[%clk 0:07:13]} 34. Rxa7 {[%clk 0:11:32]} Nf6
{[%clk 0:07:40]} 35. Rb7 {[%clk 0:10:54]} Kc6 {[%clk 0:07:03]} 36. Rg7
{[%clk 0:10:33]} Nd5 {[%clk 0:07:27]} 37. Rxg6 {[%clk 0:09:55]} Nxf4
{[%clk 0:07:52]} 38. Rf6 {[%clk 0:09:44]} Ne2+ {[%clk 0:07:59]} 39. Kf2
{[%clk 0:10:01]} Nxc3 {[%clk 0:08:26]} 40. Rxe6+ {[%clk 0:10:26]} Kd5
{[%clk 0:08:53]} 41. Re1 {[%clk 0:05:30]} Kd4 {[%clk 0:07:55]} 42. g4
{[%clk 0:05:15]} hxg4 {[%clk 0:08:16]} 43. hxg4 {[%clk 0:05:43]} b4
{[%clk 0:08:24]} 44. axb4 {[%clk 0:06:09]} cxb4 {[%clk 0:08:49]} 45. g5
{[%clk 0:06:10]} Nd5 {[%clk 0:06:35]} 46. g6 {[%clk 0:06:29]} Nf6
{[%clk 0:06:47]} 47. g7 {[%clk 0:05:08]} b3 {[%clk 0:06:43]} 48. Re6
{[%clk 0:04:39]} Ng8 {[%clk 0:05:48]} 49. Re8 {[%clk 0:04:01]} b2
{[%clk 0:04:03]} 50. Rxg8 {[%clk 0:03:58]} b1=Q {[%clk 0:04:27]} 51. Rd8+
{[%clk 0:04:25]} Ke5 {[%clk 0:04:23]} 52. g8=Q {[%clk 0:02:30]} Qc2+
{[%clk 0:04:46]} 53. Kg3 {[%clk 0:02:26]} Qg6+ {[%clk 0:05:04]} 54. Kh3
{[%clk 0:02:06]} Qh5+ {[%clk 0:04:53]} 55. Kg3 {[%clk 0:01:59]} Qg6+
{[%clk 0:05:09]} 56. Kf2 {[%clk 0:02:04]} Qc2+ {[%clk 0:05:14]} 57. Ke1
{[%clk 0:02:27]} Qc1+ {[%clk 0:05:08]} 58. Ke2 {[%clk 0:02:30]} Qc2+
{[%clk 0:04:58]} 59. Rd2 {[%clk 0:02:24]} Qe4+ {[%clk 0:05:25]} 60. Kf2
{[%clk 0:02:18]} Qf4+ {[%clk 0:05:32]} 61. Ke1 {[%clk 0:02:43]} Qh4+
{[%clk 0:05:33]} 62. Kf1 {[%clk 0:02:15]} Qf4+ {[%clk 0:05:36]} 63. Rf2
{[%clk 0:02:13]} Qc4+ {[%clk 0:06:01]} 64. Qxc4 {[%clk 0:02:37]} 1-0

[Event "Panchenko Memorial 2017"]
[Site "?"]
[Date "2017.10.11"]
[Round "5.5"]
[White "Sivuk, Vitaly"]
[Black "Shinkevich, Vitaly"]
[Result "1/2-1/2"]
[BlackElo "2454"]
[WhiteElo "2545"]
[LiveChessVersion "1.4.8"]

1. d4 {[%clk 1:30:50]} Nf6 {[%clk 1:29:20]} 2. c4 {[%clk 1:31:09]} g6
{[%clk 1:29:31]} 3. Nc3 {[%clk 1:31:29]} d5 {[%clk 1:29:55]} 4. Nf3
{[%clk 1:31:44]} Bg7 {[%clk 1:30:20]} 5. Qb3 {[%clk 1:32:04]} dxc4 6. Qxc4
{[%clk 1:32:26]} O-O {[%clk 1:30:31]} 7. e4 {[%clk 1:32:46]} Be6 {[%clk 1:20:42]}
8. d5 {[%clk 1:30:59]} Bc8 {[%clk 1:20:38]} 9. e5 {[%clk 1:13:40]} Nfd7
{[%clk 1:19:32]} 10. e6 {[%clk 1:08:53]} fxe6 {[%clk 1:02:34]} 11. dxe6
{[%clk 1:08:19]} Nb6 {[%clk 1:01:50]} 12. Qh4 {[%clk 1:05:44]} Nc6
{[%clk 0:37:43]} 13. Ng5 {[%clk 0:52:32]} h6 {[%clk 0:19:13]} 14. Nf7
{[%clk 0:44:08]} Qd4 {[%clk 0:19:15]} 15. Nxh6+ {[%clk 0:41:03]} Bxh6
{[%clk 0:19:25]} 16. Qxd4 {[%clk 0:39:50]} Nxd4 {[%clk 0:18:03]} 17. Bxh6
{[%clk 0:40:12]} Nc2+ {[%clk 0:16:20]} 18. Kd1 {[%clk 0:39:13]} Rxf2
{[%clk 0:12:55]} 19. Rc1 {[%clk 0:26:09]} Nb4 {[%clk 0:10:57]} 1/2-1/2

[Event "Panchenko Memorial 2017"]
[Site "?"]
[Date "2017.10.11"]
[Round "5.6"]
[White "Salemgareev, Tagir"]
[Black "Borisenko, Viacheslav"]
[Result "1-0"]
[BlackElo "2313"]
[WhiteElo "2378"]
[LiveChessVersion "1.4.8"]

1. d4 {[%clk 1:30:56]} d5 {[%clk 1:21:51]} 2. c4 {[%clk 1:31:19]} e6
{[%clk 1:21:55]} 3. Nf3 {[%clk 1:31:42]} Nf6 {[%clk 1:22:24]} 4. g3
{[%clk 1:31:51]} Bb4+ {[%clk 1:22:45]} 5. Bd2 {[%clk 1:32:16]} Be7
{[%clk 1:23:11]} 6. Bg2 {[%clk 1:32:42]} O-O {[%clk 1:23:35]} 7. O-O
{[%clk 1:33:07]} Ne4 {[%clk 1:22:13]} 8. Bf4 {[%clk 1:31:12]} f5 {[%clk 1:21:26]}
9. Qc2 {[%clk 1:19:00]} g5 {[%clk 1:19:48]} 10. Bc1 {[%clk 1:17:21]} c6
{[%clk 1:18:51]} 11. Ne5 {[%clk 1:15:28]} Nd7 {[%clk 1:18:22]} 12. Nd3
{[%clk 1:15:16]} dxc4 {[%clk 1:14:12]} 13. Ne5 {[%clk 1:12:03]} Nxe5
{[%clk 1:12:33]} 14. dxe5 {[%clk 1:12:19]} Qd4 {[%clk 1:12:25]} 15. Bxe4
{[%clk 1:07:05]} fxe4 {[%clk 1:12:02]} 16. Be3 {[%clk 1:05:23]} Qxe5
{[%clk 1:11:43]} 17. Qxc4 {[%clk 1:05:33]} c5 {[%clk 1:02:44]} 18. Rd1
{[%clk 1:01:39]} Rb8 {[%clk 0:49:33]} 19. Nc3 {[%clk 0:55:20]} b6
{[%clk 0:49:43]} 20. Qxe4 {[%clk 0:54:55]} Qxe4 {[%clk 0:40:14]} 21. Nxe4
{[%clk 0:54:53]} h6 {[%clk 0:40:06]} 22. f3 {[%clk 0:49:27]} Kf7 {[%clk 0:38:17]}
23. Nd6+ {[%clk 0:39:01]} Bxd6 {[%clk 0:38:17]} 24. Rxd6 {[%clk 0:39:26]} Ba6
{[%clk 0:38:21]} 25. Kf2 {[%clk 0:38:11]} Ke7 {[%clk 0:34:00]} 26. Bxc5
{[%clk 0:32:43]} bxc5 {[%clk 0:33:45]} 27. Rxa6 {[%clk 0:33:09]} Rxb2
{[%clk 0:34:04]} 28. Rd1 {[%clk 0:32:39]} Rc8 {[%clk 0:31:22]} 29. Rxa7+
{[%clk 0:29:04]} Kf6 {[%clk 0:31:14]} 30. Rd6 {[%clk 0:29:01]} c4
{[%clk 0:31:12]} 31. Raa6 {[%clk 0:21:05]} c3 {[%clk 0:31:20]} 32. Rxe6+
{[%clk 0:15:35]} Kf7 {[%clk 0:31:22]} 33. Rf6+ {[%clk 0:14:52]} Kg7
{[%clk 0:31:27]} 34. Rg6+ {[%clk 0:15:12]} Kf7 {[%clk 0:31:32]} 35. Raf6+
{[%clk 0:15:09]} Ke7 {[%clk 0:31:38]} 36. Rc6 {[%clk 0:15:21]} Rbb8
{[%clk 0:27:53]} 37. Rg7+ {[%clk 0:15:39]} Kf8 {[%clk 0:26:00]} 38. Rgc7
{[%clk 0:16:02]} Rxc7 {[%clk 0:25:50]} 39. Rxc7 {[%clk 0:16:27]} Ra8
{[%clk 0:26:13]} 40. Rxc3 {[%clk 0:16:49]} Rxa2 {[%clk 0:26:42]} 41. Rc4
{[%clk 0:16:48]} Kf7 {[%clk 0:27:04]} 42. h4 {[%clk 0:17:13]} Ra6
{[%clk 0:26:40]} 43. hxg5 {[%clk 0:17:37]} hxg5 {[%clk 0:27:08]} 44. f4
{[%clk 0:17:54]} gxf4 {[%clk 0:27:33]} 45. gxf4 {[%clk 0:18:20]} Kf6
{[%clk 0:27:58]} 46. Kf3 {[%clk 0:18:44]} Rb6 {[%clk 0:28:23]} 47. e4
{[%clk 0:18:49]} Ra6 {[%clk 0:28:44]} 48. Kg4 {[%clk 0:19:13]} Rb6
{[%clk 0:29:02]} 49. Rd4 {[%clk 0:19:37]} Ke6 {[%clk 0:29:20]} 50. e5
{[%clk 0:19:59]} Ra6 {[%clk 0:29:38]} 51. Rd6+ {[%clk 0:20:23]} Rxd6
{[%clk 0:30:03]} 52. exd6 {[%clk 0:20:50]} Kxd6 {[%clk 0:30:28]} 53. Kf5
{[%clk 0:21:16]} Ke7 {[%clk 0:30:55]} 54. Kg6 {[%clk 0:21:40]} Kf8
{[%clk 0:31:10]} 55. Kf6 {[%clk 0:22:05]} Ke7+ 1-0

[Event "Panchenko Memorial 2017"]
[Site "?"]
[Date "2017.10.11"]
[Round "5.7"]
[White "Tologontegin, Semetey"]
[Black "Drygalov, Sergey"]
[Result "1-0"]
[BlackElo "2404"]
[WhiteElo "2392"]
[LiveChessVersion "1.4.8"]

1. e4 {[%clk 1:29:28]} c5 {[%clk 1:30:40]} 2. Na3 {[%clk 1:29:52]} g6
{[%clk 1:30:17]} 3. h4 {[%clk 1:30:01]} h5 {[%clk 1:25:47]} 4. Nf3
{[%clk 1:17:05]} Bg7 {[%clk 1:25:33]} 5. c3 {[%clk 1:16:33]} d6 {[%clk 1:07:26]}
6. Bc4 {[%clk 0:58:13]} Nc6 {[%clk 1:03:01]} 7. Ng5 {[%clk 0:51:05]} e6
{[%clk 1:00:53]} 8. Nc2 {[%clk 0:46:56]} Nf6 {[%clk 0:59:17]} 9. d3
{[%clk 0:47:05]} O-O {[%clk 0:57:33]} 10. O-O {[%clk 0:39:31]} Na5
{[%clk 0:52:11]} 11. Qe2 {[%clk 0:32:53]} d5 {[%clk 0:40:11]} 12. Bb3
{[%clk 0:33:18]} Nxb3 {[%clk 0:28:28]} 13. axb3 {[%clk 0:33:42]} e5
{[%clk 0:28:12]} 14. c4 {[%clk 0:28:35]} dxe4 15. dxe4 {[%clk 0:28:52]} b6
{[%clk 0:19:37]} 16. Ne3 {[%clk 0:22:10]} Bb7 {[%clk 0:19:46]} 17. Nd5
{[%clk 0:21:12]} Bxd5 {[%clk 0:19:39]} 18. exd5 {[%clk 0:14:39]} Ne8
{[%clk 0:19:26]} 19. Bd2 {[%clk 0:15:00]} a5 {[%clk 0:15:47]} 20. Bc3
{[%clk 0:14:29]} Nd6 {[%clk 0:15:47]} 21. f4 {[%clk 0:14:10]} Nf5
{[%clk 0:12:15]} 22. fxe5 {[%clk 0:13:40]} Ng3 {[%clk 0:12:30]} 23. Qd3
{[%clk 0:13:09]} Nxf1 {[%clk 0:12:54]} 24. Rxf1 {[%clk 0:13:36]} Ra7
{[%clk 0:09:13]} 25. e6 {[%clk 0:06:10]} f6 {[%clk 0:09:39]} 26. Nh3
{[%clk 0:03:32]} f5 {[%clk 0:08:37]} 27. Nf4 {[%clk 0:02:09]} Bxc3
{[%clk 0:04:26]} 28. bxc3 {[%clk 0:02:35]} Kh7 {[%clk 0:03:00]} 29. d6
{[%clk 0:02:34]} Qxh4 {[%clk 0:03:09]} 30. d7 {[%clk 0:01:55]} Qe7
{[%clk 0:01:18]} 31. Rd1 {[%clk 0:01:59]} g5 {[%clk 0:01:00]} 32. Qd6
{[%clk 0:02:04]} Qxd6 {[%clk 0:00:33]} 33. Rxd6 {[%clk 0:02:27]} 1-0

[Event "Panchenko Memorial 2017"]
[Site "?"]
[Date "2017.10.11"]
[Round "5.8"]
[White "Sitnikov, Anton"]
[Black "Suslova, Alena"]
[Result "1/2-1/2"]
[BlackElo "2227"]
[WhiteElo "2457"]
[LiveChessVersion "1.4.8"]

1. e4 {[%clk 1:09:13]} g6 {[%clk 1:30:37]} 2. d4 {[%clk 1:09:18]} Bg7
{[%clk 1:31:01]} 3. Nc3 {[%clk 1:09:42]} d6 {[%clk 1:31:15]} 4. Be3
{[%clk 1:10:08]} Nf6 {[%clk 1:31:34]} 5. h3 {[%clk 1:10:34]} O-O {[%clk 1:31:33]}
6. g4 {[%clk 1:10:48]} e5 {[%clk 1:26:04]} 7. dxe5 {[%clk 1:10:21]} dxe5
{[%clk 1:26:02]} 8. g5 {[%clk 1:10:40]} Nfd7 {[%clk 1:23:27]} 9. Qd2
{[%clk 1:11:03]} c6 {[%clk 1:21:57]} 10. O-O-O {[%clk 1:11:17]} Qe7
{[%clk 1:21:09]} 11. h4 {[%clk 1:10:40]} Nc5 {[%clk 1:17:07]} 12. h5
{[%clk 1:10:15]} Ne6 {[%clk 1:14:07]} 13. hxg6 {[%clk 1:10:16]} hxg6
{[%clk 1:12:46]} 14. Bd3 {[%clk 0:34:42]} Re8 {[%clk 1:04:12]} 15. Rh4
{[%clk 0:28:55]} Nd7 {[%clk 1:03:03]} 16. Nf3 {[%clk 0:28:50]} Nd4
{[%clk 0:56:40]} 17. Bxd4 {[%clk 0:17:56]} exd4 {[%clk 0:56:54]} 18. Ne2
{[%clk 0:18:24]} c5 {[%clk 0:56:15]} 19. Rdh1 {[%clk 0:03:13]} Qd6
{[%clk 0:53:35]} 20. Ng3 {[%clk 0:02:16]} a6 {[%clk 0:48:41]} 21. e5
{[%clk 0:00:39]} Nxe5 {[%clk 0:47:14]} 22. Ne4 {[%clk 0:01:01]} Nxd3+
{[%clk 0:43:56]} 23. cxd3 {[%clk 0:01:06]} Rxe4 {[%clk 0:43:12]} 24. dxe4
{[%clk 0:01:30]} Be6 {[%clk 0:42:31]} 25. Kb1 {[%clk 0:01:55]} Rc8
{[%clk 0:41:29]} 26. Ne1 {[%clk 0:00:38]} c4 {[%clk 0:39:43]} 27. f4
{[%clk 0:01:04]} Qc6 {[%clk 0:34:02]} 28. f5 {[%clk 0:00:42]} gxf5
{[%clk 0:34:03]} 29. Qh2 {[%clk 0:00:39]} Kf8 {[%clk 0:34:03]} 30. Nc2
{[%clk 0:01:01]} d3 {[%clk 0:22:00]} 31. Nb4 {[%clk 0:01:27]} Qc5
{[%clk 0:18:17]} 32. Nd5 {[%clk 0:01:53]} Bxd5 {[%clk 0:16:39]} 33. exd5
{[%clk 0:02:01]} Qxd5 {[%clk 0:14:46]} 34. Re1 {[%clk 0:01:14]} Kg8
{[%clk 0:14:07]} 35. Rh1 {[%clk 0:00:43]} Kf8 {[%clk 0:14:14]} 36. Re1
{[%clk 0:00:42]} Kg8 {[%clk 0:14:08]} 37. Rh1 {[%clk 0:00:47]} Kf8
{[%clk 0:14:25]} 38. Re1 {[%clk 0:00:44]} Kg8 {[%clk 0:14:44]} 1/2-1/2

[Event "Panchenko Memorial 2017"]
[Site "?"]
[Date "2017.10.11"]
[Round "5.9"]
[White "Matsenko, Andrei"]
[Black "Radzhabov, Rodion"]
[Result "1/2-1/2"]
[BlackElo "2319"]
[WhiteElo "2281"]
[LiveChessVersion "1.4.8"]

1. Nf3 {[%clk 1:30:44]} Nf6 {[%clk 1:30:24]} 2. c4 {[%clk 1:31:08]} e6
{[%clk 1:30:38]} 3. g3 {[%clk 1:30:03]} d5 {[%clk 1:30:51]} 4. Bg2
{[%clk 1:29:10]} Be7 {[%clk 1:31:05]} 5. O-O {[%clk 1:28:49]} O-O
{[%clk 1:31:27]} 6. d4 {[%clk 1:28:22]} c6 {[%clk 1:27:48]} 7. Qc2
{[%clk 1:26:49]} Nbd7 {[%clk 1:27:43]} 8. Nbd2 {[%clk 1:26:20]} b6
{[%clk 1:27:53]} 9. Rd1 {[%clk 1:25:21]} Bb7 {[%clk 1:27:39]} 10. e4
{[%clk 1:24:00]} Rc8 {[%clk 1:25:29]} 11. b3 {[%clk 1:14:56]} c5 {[%clk 1:11:55]}
12. exd5 {[%clk 1:07:06]} exd5 {[%clk 1:11:20]} 13. Bb2 {[%clk 1:05:02]} 1/2-1/2

[Event "Panchenko Memorial 2017"]
[Site "?"]
[Date "2017.10.11"]
[Round "5.10"]
[White "Stankovic, Milos"]
[Black "Vaseptsov, Maxim"]
[Result "1/2-1/2"]
[BlackElo "2331"]
[WhiteElo "2399"]
[LiveChessVersion "1.4.8"]

1. e4 {[%clk 1:30:50]} e5 {[%clk 1:16:48]} 2. Nf3 {[%clk 1:30:00]} Nc6
{[%clk 1:17:13]} 3. Bb5 {[%clk 1:29:01]} g6 {[%clk 1:16:12]} 4. c3
{[%clk 1:28:40]} Bg7 {[%clk 1:16:09]} 5. d4 {[%clk 1:28:44]} exd4
{[%clk 1:16:29]} 6. cxd4 {[%clk 1:28:49]} a6 {[%clk 1:16:52]} 7. Ba4
{[%clk 1:28:01]} b5 {[%clk 1:17:11]} 8. Bb3 {[%clk 1:27:23]} Nge7
{[%clk 1:16:40]} 9. Nc3 {[%clk 1:26:20]} O-O {[%clk 1:16:26]} 10. O-O
{[%clk 1:24:07]} d6 {[%clk 1:16:47]} 11. h3 {[%clk 1:23:03]} Na5 {[%clk 1:16:53]}
12. Bc2 {[%clk 1:22:21]} c5 {[%clk 1:16:00]} 13. dxc5 {[%clk 1:11:08]} dxc5
{[%clk 1:16:23]} 14. Qxd8 {[%clk 1:06:24]} Rxd8 {[%clk 1:16:48]} 15. Be3
{[%clk 1:06:03]} Nb7 {[%clk 1:13:38]} 16. Rfd1 {[%clk 0:56:58]} 1/2-1/2